[Event "Chinese Chess League Men 2019"]
[Site "Daqing"]
[Date "2019.06.27"]
[Round "9.11"]
[White "Zou, Chen"]
[Black "Yu, Ruiyuan"]
[Result "1/2-1/2"]
[WhiteElo "2415"]
[BlackElo "2471"]
[Annotator "TA"]
[PlyCount "118"]
[EventDate "2019.06.19"]
[EventType "team-tourn"]
[EventCountry "CHN"]
[SourceTitle "playchess.com"]
[Source "ChessBase"]
[SourceQuality "1"]

{[%evp 21,118,4,0,0,38,18,55,50,102,100,104,109,97,99,104,103,95,91,91,77,86,71,89,67,67,75,68,59,57,61,59,0,0,-44,-45,-48,-48,-105,-111,-114,-113,-113,-114,-109,-106,-102,-102,-135,-70,-87,-89,-84,-37,-39,8,8,187,149,149,151,131,24,157,51,56,29,592,581,691,691,691,691,691,691,691,691,691,0,0,0,0,0,0,0,0,0,0,0,0,0,0,0,0,0,0,0,0,0,0]} 1. c4 Nf6 2. Nc3 e6 3. Nf3 c5 4. g3 b6 5. Bg2 Bb7 6. O-O Be7 7. Re1 d5 8. cxd5 Nxd5 9. e4 Nxc3 10. bxc3 O-O 11. d4 Nd7 12. Rb1 {A30: Symmetrical English: Double Fianchetto and Hedgehog} Rc8 $146 ({Predecessor:} 12... Nf6 13. Ne5 Rc8 14. Bf4 cxd4 15. cxd4 Nd7 16. Qa4 Nxe5 17. Bxe5 a6 18. d5 b5 19. Qd1 exd5 20. exd5 {½-½ (40) Blomqvist,E (2552)-Westerberg,J (2469) Stockholm 2017}) 13. d5 exd5 14. exd5 {White is slightly better.} Bf6 (14... c4 $14) 15. c4 $16 Re8 16. Rxe8+ Qxe8 17. Bf4 Nf8 18. Nd2 Be5 19. Bxe5 Qxe5 20. Qa4 Ra8 21. Ne4 Qc7 22. Rd1 Qd7 23. Qxd7 Nxd7 24. Nd6 Ba6 25. Re1 {Black must now prevent Bh3.} Kf8 $1 26. Bh3 (26. Bf1 $14) 26... Nf6 $1 $11 27. Re3 Ne8 $1 {[%cal Re8d6]} 28. Nxe8 Rxe8 $15 {[%mdl 4096] Endgame KRB-KRB} 29. Rc3 (29. Bf1 $15) 29... Re1+ $17 30. Bf1 Ra1 31. a3 Ke7 32. Kg2 Kd6 33. Rf3 f6 34. h4 {[#]} Rxf1 $1 {[%mdl 512]} 35. Kxf1 $15 {Threatens to win with Rc3.} Bxc4+ $17 {[%mdl 64] Double Attack. KR-KB} 36. Ke1 b5 (36... Kxd5 37. Re3 $14) 37. h5 h6 ({Weaker is} 37... Kxd5 38. h6 $1 $16 {[%mdl 512]}) 38. Rf4 $1 {[%cal Rf4g4]} Kxd5 $2 (38... Bxd5 $11 39. Rg4 a5) 39. Rg4 $18 a5 40. Rxg7 b4 41. Kd2 (41. axb4 $16 axb4 42. Kd2) 41... Bb5 ({Of course not} 41... bxa3 42. Ra7 $16) (41... a4 $11) 42. Ra7 ({White should play} 42. Kc2 $1 $16) 42... a4 $14 43. g4 {Strongly threatening Rf7.} Kd4 $2 {[%mdl 8192]} (43... bxa3 $11 {and Black is okay.} 44. Kc3 a2) 44. axb4 $18 cxb4 {[#]} 45. f4 $1 a3 {[%cal Ba4a3,Ba3a2][%mdl 32] [#]} 46. g5 $1 {[%cal Rg5h6][%mdl 512]} fxg5 47. fxg5 hxg5 48. h6 {Threatening mate with h7.} Bd3 49. h7 $2 ({White has to play} 49. Rd7+ $18 Kc4 50. Kc1 (50. Rxd3 $2 a2 $19)) 49... Bxh7 $1 $11 {The position is equal.} 50. Rxh7 {KR-K3P} a2 51. Ra7 b3 {And now ...b2 would win.} 52. Ra4+ Ke5 53. Kc3 g4 54. Kxb3 g3 55. Kxa2 {Rg4 would kill now.} (55. Rxa2 {is interesting.} Ke4 56. Kc3 Kf3 57. Rd2 g2 58. Rd1) 55... Kf5 {aiming for ...g2.} 56. Ra8 Kf4 57. Kb3 g2 58. Rg8 Kf3 59. Kc3 Kf2 {Accuracy: White = 51%, Black = 39%.} 1/2-1/2

[Event "Chinese Chess League Men 2019"]
[Site "Daqing"]
[Date "2019.06.27"]
[Round "9.12"]
[White "Chen, Qi b"]
[Black "Lin, Yi"]
[Result "1/2-1/2"]
[WhiteElo "2453"]
[BlackElo "2396"]
[Annotator "TA"]
[PlyCount "42"]
[EventDate "2019.06.19"]
[EventType "team-tourn"]
[EventCountry "CHN"]
[SourceTitle "playchess.com"]
[Source "ChessBase"]
[SourceQuality "1"]

{[%evp 38,42,0,0,23,0,0]} 1. e4 c6 2. c4 d5 3. exd5 cxd5 4. d4 Nf6 5. Nc3 Nc6 6. Nf3 Bg4 7. cxd5 Nxd5 8. Qb3 Bxf3 9. gxf3 e6 10. Qxb7 Nxd4 11. Bb5+ Nxb5 12. Qc6+ Ke7 13. Qxb5 Qd7 14. Nxd5+ Qxd5 15. Qxd5 exd5 16. O-O Ke6 17. Re1+ Kf5 18. Rd1 Ke6 {[#]} 19. Re1+ $146 ({Predecessor:} 19. Be3 Be7 20. Rd3 Rhd8 21. Re1 Kf5 22. Red1 Ke6 23. Re1 Kf5 24. Red1 Ke6 {½-½ (24) Korneev,O (2609)-Khenkin,I (2638) Tashkent 2013}) 19... Kf5 20. Rd1 Ke6 {B13: Caro-Kann: Exchange Variation and Panov-Botvinnik Attack} 21. Re1+ Kf5 1/2-1/2